| 000 | 01425nam a2200397 c 4500 | ||
|---|---|---|---|
| 999 |
_c50721 _d50721 |
||
| 001 | 50721 | ||
| 003 | ES-MaCES | ||
| 005 | 20180523110301.0 | ||
| 008 | 180518s2018 sp 000 | spa d | ||
| 017 |
_aM 11540-2018 _bDL |
||
| 020 | _a9788429020489 | ||
| 040 |
_aES-MaCES _bspa _cES-MaCES |
||
| 100 | 1 |
_aEstrada Alonso, Eduardo _911496 |
|
| 245 | 0 | 0 |
_aRégimen jurídico de los autónomos _b: aspectos mercantiles, administrativos, laborales y fiscales _cJosé Antonio Vega Vega, dir. ; [autores], Marcial Herrero Jiménez ... [et al.] ; pr. de José Antonio Vega Vega |
| 250 | _a1ª ed | ||
| 260 |
_aMadrid _bReus _c2018 |
||
| 300 |
_a423 p. _c24 cm |
||
| 490 | 1 | _aColección de Derecho mercantil | |
| 504 | _aBibliografía | ||
| 541 | _cCompra | ||
| 650 | 4 |
_atrabajo a cuenta propia _930170 |
|
| 650 | 4 |
_atrabajador independiente _928412 |
|
| 650 | 4 |
_aderecho mercantil _927157 |
|
| 650 | 4 |
_aderecho administrativo _927155 |
|
| 650 | 4 |
_aderecho fiscal _927162 |
|
| 650 | 4 |
_aderecho del trabajo _927165 |
|
| 650 | 4 |
_alegislación de seguridad social _929855 |
|
| 650 | 4 |
_aEspaña _926964 |
|
| 650 | 4 |
_arégimen jurídico _929894 |
|
| 653 | 1 | 0 | _aDerecho del trabajo y Seguridad Social |
| 700 | 1 |
_aVega Vega, José Antonio _925635 _edir. y pr. |
|
| 700 | 1 |
_aHerrero Jiménez, Marcial _939106 |
|
| 830 | 0 |
_aColección de Derecho mercantil _934605 |
|
| 902 | _aLIB Libro | ||
| 942 |
_2CES _cBK _h6.0.1. |
||